000 00310nam a22001337a 4500
008 171014b xxu||||| |||| 00| 0 eng d
020 _a9780891060871
041 _aeng
080 _a331
100 _a52
101 _a331
245 _aBUILDING A CAREER DEVELOPMENT PROGRAM
_cKNOWDELL, R.L
942 _2udc
_cBK
999 _c33944
_d33944